| 000 | 00656nam a2200205 a 4500 | ||
|---|---|---|---|
| 005 | 20230623063602.0 | ||
| 008 | 110204m20002007mx r 000 0 spa d | ||
| 020 | _a9789681661328 | ||
| 035 | _aUPN01000179268 | ||
| 049 | _aI | ||
| 050 | 4 |
_aPZ8.2 _bH5.3a 2000 |
|
| 100 | 1 |
_aHinojosa, Francisco, _d1954- _928902 |
|
| 245 | 1 | 0 |
_aA golpe de calcetín / _cFrancisco Hinojosa ; il de Rafael Barajas El Fisgón. |
| 250 | _a3a ed. correg. | ||
| 260 |
_aMéxico : _bFCE, _c2000 (2007 impr.). |
||
| 300 |
_a46 p. : _bil. |
||
| 440 | 0 |
_aA la orilla del viento. _pPara los que leen bien ; _v130 |
|
| 650 | 4 |
_aCuentos infantiles mexicanos _97723 |
|
| 905 | _aInfantil | ||
| 999 |
_c151371 _d151371 |
||